000
00344pab a2200145 454500
008
180718b1997 xxu||||| |||| 00| 0 eng d
245
_a
BANKING ombudsman: a new era in customer satisfaction
260
_c
1997
300
_a
p.17-20
362
_a
Jul
650
_a
Banks
650
_a
Ombudsman
773
_a
Banking Finance
909
_a
34893
999
_c
34893
_d
34893